<?xml version="1.0" encoding="UTF-8"?>
<marc:record xmlns:marc="http://www.loc.gov/MARC21/slim">
   <marc:leader>00000nam a2200000 a 4500</marc:leader>
   <marc:datafield ind1="1" ind2=" " tag="100">
      <marc:subfield code="a">Chapman, Keith</marc:subfield>
      <marc:subfield code="4">aut</marc:subfield>
      <marc:subfield code="e">Verfasser/-in</marc:subfield>
   </marc:datafield>
   <marc:datafield ind1="0" ind2="0" tag="245">
      <marc:subfield code="a">Paw Patrol: Der Kinofilm</marc:subfield>
   </marc:datafield>
   <marc:datafield ind1="0" ind2="0" tag="245">
      <marc:subfield code="b">Unser Schicksal liegt in ihren Pfoten</marc:subfield>
   </marc:datafield>
   <marc:datafield ind1=" " ind2="1" tag="264">
      <marc:subfield code="b">Paramount Pictures</marc:subfield>
      <marc:subfield code="c">2021</marc:subfield>
   </marc:datafield>
   <marc:datafield ind1="1" ind2=" " tag="520">
      <marc:subfield code="a">Erster abendfüllender Kinofilm über die beliebten Rettungshunde Chase, Marshall, Rubble, Rocky, Zuma und Skye&#xD;
&#xD;
Eroberten die „Mighty Pups“ erst im Sommer 2020 die Kinoleinwand, folgt ein gutes Jahr später bereits das nächste große Abenteuer für Ryder und seine tierischen Freunde. Dabei handelt es sich dieses Mal nicht nur um ein Serien-Special, sondern um einen eigens produzierten Spielfilm.&#xD;
Dieses Mal müssen sie es mit Bürgermeister Besserwisser aufnehmen, der zu ihren größten Rivalen gehört und in der Abenteuerstadt für reichlich Chaos und Ärger sorgt. Da können die heldenhaften Fellnasen um Marshall, Chase und Co. natürlich nicht tatenlos zusehen. Gemeinsam mit ihrem menschlichen Anführer, dem technisch begabten Ryder, bieten sie Bürgermeister Besserwisser die Stirn. Kommt ihre Hilfe noch rechtzeitig?</marc:subfield>
   </marc:datafield>
   <marc:datafield ind1=" " ind2=" " tag="300">
      <marc:subfield code="a">1 DVD</marc:subfield>
   </marc:datafield>
</marc:record>
